El Cid en el Valle Alto del Duero (Record no. 70188)

MARC details
000 -LEADER
campo de control de longitud fija 00731nam a2200205 i 4500
001 - NÚMERO DE CONTROL
campo de control 70188
003 - IDENTIFICADOR DE NÚMERO DE CONTROL
campo de control ES-MaACL
005 - FECHA Y HORA DE LA ÚLTIMA TRANSACCIÓN
campo de control 20231222063041.0
007 - CAMPO FIJO DE DESCRIPCIÓN FÍSICA--INFORMACIÓN GENERAL
campo de control de longitud fija t|
008 - DATOS DE LONGITUD FIJA--INFORMACIÓN GENERAL
campo de control de longitud fija 040720s1984 sp ||||1| spa d
100 1# - ENTRADA PRINCIPAL--NOMBRE DE PERSONA
Nombre de persona García Pérez, Guillermo,
Fechas asociadas al nombre 1942-
9 (RLIN) 55106
245 10 - MENCIÓN DEL TÍTULO
Título El Cid en el Valle Alto del Duero
Resto del título : ; La ruta del Corpes ; En busca de Griza, alamos y Elfa... /
Mención de responsabilidad, etc. Guillermo García Pérez.
260 ## - PUBLICACIÓN, DISTRIBUCIÓN, ETC.
Lugar de publicación, distribución, etc. Soria :
Nombre del editor, distribuidor, etc. Centro de Estudios Sorianos,
Fecha de publicación, distribución, etc. 1984.
300 ## - DESCRIPCIÓN FÍSICA
Extensión 18 h. ;
Dimensiones 23 cm.
500 ## - NOTA GENERAL
Nota general Es separata de: "Celtiberia" núm. 67, pág. 31-66.
740 3# - ENTRADA AGREGADA--TÍTULO RELACIONADO/ANALÍTICO NO CONTROLADO
Título relacionado o analítico no controlado La ruta del corpes.
740 0# - ENTRADA AGREGADA--TÍTULO RELACIONADO/ANALÍTICO NO CONTROLADO
Título relacionado o analítico no controlado En busca de Griza, Alamos y Elfa...
852 ## - LOCALIZACIÓN
Ubicación ES-MaACL
Número de control de estantería 2134-F-15
Sublocalización o colección R.107455
Holdings
Estatus retirado Estado de pérdida Estado de daño No para préstamo Colección Biblioteca de origen Biblioteca actual Ubicación en estantería Fecha de adquisición Fuente de adquisición Total de préstamos Signatura topográfica completa Código de barras Visto por última vez Precio de reemplazo Tipo de ítem Koha
        Colección de folletos Biblioteca del Ateneo de Madrid Biblioteca del Ateneo de Madrid Depósito folletos 17/01/2008     2134-F-15 1073496 23/02/2023 23/02/2023 Folleto